Statistics for Queens Of The Stone Age - Official Members

Click here to take the quiz!

General Stats

  • This quiz has been taken 58 times
  • The average score is 8 of 15

Answer Stats

HintAnswer% Correct
Lead Vocals, Lead Guitar, Piano (1996-Now)Josh Homme
95%
Drums (2002 + 2012-2013)Dave Grohl
93%
Bass, Vocals (1998-2004)Nick Oliveri
82%
Guitar, Keyboards, Lap Steel, Backing Vocals (2002-Now) Bass (2005-2006)Troy Van Leeuwen
70%
Drums, Samplers (2013-Now)Jon Theodore
68%
Vocals (2001-2005) Keyboards (2005)Mark Lanegan
68%
Drums (2002-2012)Joey Castillo
61%
Bass, Synth, Backing Vocals (2007-Now)Michael Shuman
59%
Keyboards, Rhythm Guitar, Synth (2007-Now)Dean Fertita
55%
Rhythm Guitar, Bass, Backing Vocals (2005-2007)Alain Johannes
45%
Guitar, Keyboards, Lap Steel (1998-2000)Dave Catching
41%
Drums (1998-1999)Alfredo Hernandez
39%
Keyboards, Backing Vocals (2005)Natasha Schneider
32%
Drums (1999-2001)Gene Trautman
20%
Guitar, Keyboards, Lap Steel (2000-2002)Brendon McNichol
18%

Score Distribution

Percentile by Number Answered

Percent of People with Each Score

Your Score History

You have not taken this quiz